000
003130000a22001330004500
041
0
_a
ENG
090
_a
AV 0003
100
1
_a
Alexander, John W.
245
1
0
_a
Education : A christian view / John W. Alexander
260
_a
Madison, Wisconsin, USA : InterVarsity
300
_a
35 Pag
001
7739
942
_c
BK
999
_c
37944
_d
37944